| 000 | 01564nam a2200361 i 4500 | ||
|---|---|---|---|
| 001 | 000000562 | ||
| 003 | DO-SdBNP | ||
| 005 | 20251009135716.0 | ||
| 007 | ta | ||
| 008 | 081124s2008 dr a 000 j spa d | ||
| 020 | _a9789945130928 | ||
| 020 | _a9945130927 | ||
| 040 |
_aDO-SdBNP _bspa _cBNPHU _erda |
||
| 041 | _aspa | ||
| 082 | 4 |
_aRD863.44 _bP426u _222 |
|
| 100 | 1 |
_aPeralta, Víctor M. _d1958- _eautor _4aut. _91861 |
|
| 245 | 1 | 3 |
_aLa última vez que vi a mi madre durmiendo y otros cuentos / _cVíctor M. Peralta ; corrector, Carlos Jiménez ; diagramación, Jhonny Guillén Contreras. |
| 250 | _aPrimera edición | ||
| 264 |
_aSanto Domingo, República Dominicana : _bEditora Mediabyte, _c2008. |
||
| 300 |
_a149 páginas : _bilustraciones ; _c21 cm. |
||
| 336 |
_atexto _btxt _2rdacontent |
||
| 337 |
_asin mediación _bn _2rdamedia |
||
| 338 |
_avolumen _bnc _2rdacarrier |
||
| 505 | 0 |
_aDedicatoria, 5 -- _tAlgo de mí, 7 -- _tEl amor es ciego y va acompañado de locura, 11 -- _tDos monedas ensangrentadas, 41 -- _tEl día que a Jesús no lo dejaron entrar, 63 -- _tLa última compra de la ambición, 87 -- _tLa última vez que vi a mi madre durmiendo, 109 |
|
| 590 | _aLa biblioteca posee tres ejemplares autografiados por el autor | ||
| 590 | _aInventariado, 2020/VM | ||
| 650 | 0 |
_aCuentos dominicanos _9176 |
|
| 650 | 0 |
_aLiteratura dominicana. _967 |
|
| 700 | 1 |
_aJiménez, Carlos, _ecorrctor _4co. _924871 |
|
| 700 | 1 |
_aGuillén Contreras, Jhonny, _ediagramador _4di. _988680 |
|
| 910 | _aValidado. Control de calidad MMOLINA | ||
| 942 |
_2ddc _cLBS1 |
||
| 999 |
_c560 _d560 |
||